| 000 | nam a22 7a 4500 | ||
|---|---|---|---|
| 999 |
_c7200 _d7200 |
||
| 003 | OSt | ||
| 005 | 20181205134622.0 | ||
| 008 | 181204s2010 fr ||||| |||| 00| 0 fre d | ||
| 020 | _a9782915536898 | ||
| 040 |
_aCDMR _bcat _cCDMR |
||
| 245 | 1 | 0 |
_aMagnum photos _b: 101 photos for press freedom |
| 260 |
_aParis : _bReporters sans Frontieres, _c2010 |
||
| 300 |
_a142 p. : _bfotografies ; _c29 cm |
||
| 490 |
_aReporters without borders ; _v33 |
||
| 650 | 0 | 4 |
_91582 _aLlibertat d'impremta _xFotografia |
| 710 | 2 |
_91923 _aReportiers Sans Frontières |
|
| 710 | 1 |
_94636 _aMagnum Photos |
|
| 942 |
_2udc _cMON |
||